Reduktion der immunologischen Abstoßungsreaktion in Composite Tissue Allotransplantation durch Hitzeschock-Präkonditionierung = Reduction of the immunological rejection in composite tissue allotransplantation by heat stress preconditioning
Thieme E-Books & E-Journals
Saved in:
| Main Authors: | , , , , |
|---|---|
| Format: | Article (Journal) |
| Language: | German |
| Published: |
[2011]
|
| In: |
Handchirurgie, Mikrochirurgie, plastische Chirurgie
Year: 2011, Volume: 43, Issue: 6, Pages: 325-331 |
| ISSN: | 1439-3980 |
| DOI: | 10.1055/s-0030-1267966 |
| Online Access: | Verlag, lizenzpflichtig, Volltext: https://doi.org/10.1055/s-0030-1267966 Verlag, lizenzpflichtig, Volltext: http://www.thieme-connect.de/DOI/DOI?10.1055/s-0030-1267966 |
| Author Notes: | N. Schorr, M. Sauerbier, G. Germann, M.M. Gebhard, N. Ofer |
MARC
| LEADER | 00000caa a2200000 c 4500 | ||
|---|---|---|---|
| 001 | 1820009599 | ||
| 003 | DE-627 | ||
| 005 | 20230710105037.0 | ||
| 007 | cr uuu---uuuuu | ||
| 008 | 221026s2011 xx |||||o 00| ||ger c | ||
| 024 | 7 | |a 10.1055/s-0030-1267966 |2 doi | |
| 035 | |a (DE-627)1820009599 | ||
| 035 | |a (DE-599)KXP1820009599 | ||
| 035 | |a (OCoLC)1389761594 | ||
| 040 | |a DE-627 |b ger |c DE-627 |e rda | ||
| 041 | |a ger | ||
| 084 | |a 33 |2 sdnb | ||
| 100 | 1 | |a Schorr, Nicole |d 1980- |e VerfasserIn |0 (DE-588)1063386527 |0 (DE-627)812550625 |0 (DE-576)422650951 |4 aut | |
| 245 | 1 | 0 | |a Reduktion der immunologischen Abstoßungsreaktion in Composite Tissue Allotransplantation durch Hitzeschock-Präkonditionierung |b = Reduction of the immunological rejection in composite tissue allotransplantation by heat stress preconditioning |c N. Schorr, M. Sauerbier, G. Germann, M.M. Gebhard, N. Ofer |
| 246 | 3 | 1 | |a Reduction of the immunological rejection in composite tissue allotransplantation by heat stress preconditioning |
| 264 | 1 | |c [2011] | |
| 300 | |a 7 | ||
| 336 | |a Text |b txt |2 rdacontent | ||
| 337 | |a Computermedien |b c |2 rdamedia | ||
| 338 | |a Online-Ressource |b cr |2 rdacarrier | ||
| 500 | |a Gesehen am 26.10.2022 | ||
| 520 | |a Thieme E-Books & E-Journals | ||
| 700 | 1 | |a Sauerbier, Michael |e VerfasserIn |0 (DE-588)1076993974 |0 (DE-627)835531104 |0 (DE-576)162866046 |4 aut | |
| 700 | 1 | |a Germann, Günter |d 1952- |e VerfasserIn |0 (DE-588)1145880673 |0 (DE-627)1006989218 |0 (DE-576)17218732X |4 aut | |
| 700 | 1 | |a Gebhard, Martha-Maria |d 1948- |e VerfasserIn |0 (DE-588)1076763278 |0 (DE-627)835312879 |0 (DE-576)445612789 |4 aut | |
| 700 | 1 | |a Ofer, Nina |d 1979- |e VerfasserIn |0 (DE-588)130040347 |0 (DE-627)488065178 |0 (DE-576)189333332 |4 aut | |
| 773 | 0 | 8 | |i Enthalten in |t Handchirurgie, Mikrochirurgie, plastische Chirurgie |d Stuttgart : Thieme, 1999 |g 43(2011), 6, Seite 325-331 |h Online-Ressource |w (DE-627)326644857 |w (DE-600)2041489-4 |w (DE-576)261324659 |x 1439-3980 |7 nnas |a Reduktion der immunologischen Abstoßungsreaktion in Composite Tissue Allotransplantation durch Hitzeschock-Präkonditionierung = Reduction of the immunological rejection in composite tissue allotransplantation by heat stress preconditioning |
| 773 | 1 | 8 | |g volume:43 |g year:2011 |g number:6 |g pages:325-331 |g extent:7 |a Reduktion der immunologischen Abstoßungsreaktion in Composite Tissue Allotransplantation durch Hitzeschock-Präkonditionierung = Reduction of the immunological rejection in composite tissue allotransplantation by heat stress preconditioning |
| 856 | 4 | 0 | |u https://doi.org/10.1055/s-0030-1267966 |x Verlag |x Resolving-System |z lizenzpflichtig |3 Volltext |
| 856 | 4 | 0 | |u http://www.thieme-connect.de/DOI/DOI?10.1055/s-0030-1267966 |x Verlag |z lizenzpflichtig |3 Volltext |
| 951 | |a AR | ||
| 992 | |a 20221026 | ||
| 993 | |a Article | ||
| 994 | |a 2011 | ||
| 998 | |g 1076763278 |a Gebhard, Martha-Maria |m 1076763278:Gebhard, Martha-Maria |d 910000 |d 910200 |e 910000PG1076763278 |e 910200PG1076763278 |k 0/910000/ |k 1/910000/910200/ |p 4 | ||
| 998 | |g 1145880673 |a Germann, Günter |m 1145880673:Germann, Günter |d 50000 |e 50000PG1145880673 |k 0/50000/ |p 3 | ||
| 999 | |a KXP-PPN1820009599 |e 4202056175 | ||
| BIB | |a Y | ||
| SER | |a journal | ||
| JSO | |a {"titleTranslated":[{"translated":"Reduction of the immunological rejection in composite tissue allotransplantation by heat stress preconditioning"}],"name":{"displayForm":["N. Schorr, M. Sauerbier, G. Germann, M.M. Gebhard, N. Ofer"]},"person":[{"given":"Nicole","display":"Schorr, Nicole","family":"Schorr","role":"aut"},{"role":"aut","given":"Michael","family":"Sauerbier","display":"Sauerbier, Michael"},{"role":"aut","given":"Günter","family":"Germann","display":"Germann, Günter"},{"role":"aut","display":"Gebhard, Martha-Maria","given":"Martha-Maria","family":"Gebhard"},{"role":"aut","given":"Nina","display":"Ofer, Nina","family":"Ofer"}],"physDesc":[{"extent":"7 S."}],"type":{"bibl":"article-journal","media":"Online-Ressource"},"id":{"doi":["10.1055/s-0030-1267966"],"eki":["1820009599"]},"language":["ger"],"title":[{"subtitle":" = Reduction of the immunological rejection in composite tissue allotransplantation by heat stress preconditioning","title_sort":"Reduktion der immunologischen Abstoßungsreaktion in Composite Tissue Allotransplantation durch Hitzeschock-Präkonditionierung","title":"Reduktion der immunologischen Abstoßungsreaktion in Composite Tissue Allotransplantation durch Hitzeschock-Präkonditionierung"}],"recId":"1820009599","relHost":[{"recId":"326644857","title":[{"subtitle":"HaMiPla : Organ der Deutschsprachigen Arbeitsgemeinschaft für Handchirurgie, der Deutschen Gesellschaft und der Österreichischen Gesellschaft für Handchirurgie, der Deutschsprachigen Arbeitsgemeinschaft für Mikrochirurgie der Peripheren Nerven und Gefäße und der Vereinigung der Deutschen Plastischen Chirurgen","title_sort":"Handchirurgie, Mikrochirurgie, plastische Chirurgie","title":"Handchirurgie, Mikrochirurgie, plastische Chirurgie"}],"physDesc":[{"extent":"Online-Ressource"}],"pubHistory":["Nachgewiesen 31.1999 -"],"origin":[{"publisher":"Thieme","dateIssuedKey":"1999","publisherPlace":"Stuttgart","dateIssuedDisp":"1999-"}],"note":["Gesehen am 06.11.2013"],"type":{"media":"Online-Ressource","bibl":"periodical"},"titleAlt":[{"title":"HaMiPla"}],"disp":"Reduktion der immunologischen Abstoßungsreaktion in Composite Tissue Allotransplantation durch Hitzeschock-Präkonditionierung = Reduction of the immunological rejection in composite tissue allotransplantation by heat stress preconditioningHandchirurgie, Mikrochirurgie, plastische Chirurgie","language":["ger"],"part":{"text":"43(2011), 6, Seite 325-331","year":"2011","extent":"7","volume":"43","issue":"6","pages":"325-331"},"id":{"eki":["326644857"],"zdb":["2041489-4"],"issn":["1439-3980"],"doi":["10.1055/s-00000023"]}}],"note":["Gesehen am 26.10.2022"],"origin":[{"dateIssuedKey":"2011","dateIssuedDisp":"[2011]"}]} | ||
| SRT | |a SCHORRNICOREDUKTIOND2011 | ||